000 00511nam a22001817a 4500
005 20250324100215.0
008 250324b |||||||| |||| 00| 0 eng d
020 _a9788176490924
050 _aLB2395
_b.C787 CRY
100 _a Cryer Pat
245 _aThe Research Student's Guide to Success
_cPat Cryer
250 _a1st Ed.
260 _aNew Delhi
_bViva Books Private Limited
_c1999
300 _axvii. 221p.
_bill.
_c15 cm
500 _aIncludes Index
650 _2Learning
942 _2lcc
_cBK
_e1st Ed.
_n0
999 _c5116
_d5116